000
00185 a2200097 4500
020
_a
9780802126085
041
_a
eng
100
_a
Cook, Thomas H.
245
_a
Sandrines case
942
_c
BK
999
_c
8152
_d
8152